ՀՀ Գիտությունների ազգային ակադեմիայի հիմնարար գիտական գրադարան  =   Fundamental Scientific Library of NAS RA

Եվան ու Աստղինեն : (Record no. 146108)

MARC details
000 -LEADER
fixed length control field 00891nam a2200193 a 4500
001 - CONTROL NUMBER
control field 000383129
003 - CONTROL NUMBER IDENTIFIER
control field AM-YeHGA
005 - DATE AND TIME OF LATEST TRANSACTION
control field 20250618072321.0
008 - FIXED-LENGTH DATA ELEMENTS--GENERAL INFORMATION
fixed length control field 041116s1986 ai 000 | arm d
040 ## - CATALOGING SOURCE
Original cataloging agency AM-YeHGA
041 0# - LANGUAGE CODE
Language code of text/sound track or separate title arm
090 ## - LOCALLY ASSIGNED LC-TYPE CALL NUMBER (OCLC); LOCAL CALL NUMBER (RLIN)
-- 147494
245 10 - TITLE STATEMENT
Title Եվան ու Աստղինեն :
Remainder of title Բանաստեղծություններ : Դպրոցական կրտսեր տարիքի համար /
Statement of responsibility, etc. Գ.Ա. Հարյանց; Խմբ.՝ Ե.Մ. Պետրոսյան; Նկ.՝ Վ.Ս. Աբրահամյան.
260 ## - PUBLICATION, DISTRIBUTION, ETC.
Place of publication, distribution, etc. Երևան :
Name of publisher, distributor, etc. Սովետական գրող,
Date of publication, distribution, etc. 1986.
300 ## - PHYSICAL DESCRIPTION
Extent 42 էջ :
Other physical details նկ. ;
Dimensions 16 սմ.
650 14 - SUBJECT ADDED ENTRY--TOPICAL TERM
Topical term or geographic name entry element Հայ մանկական գրականություն
General subdivision Բանաստեղծություն
700 1# - ADDED ENTRY--PERSONAL NAME
Personal name Պետրոսյան, Եղիշե Մանուկի,
Dates associated with a name 1912-1982
Relator term խմբ.
Relationship edt
9 (RLIN) 1402
700 1# - ADDED ENTRY--PERSONAL NAME
Personal name Աբրահամյան, Վլադիմիր Սմբատի,
Dates associated with a name 1941-
Relator term նկ.
Relationship art
Holdings
Withdrawn status Lost status Damaged status Not for loan Collection Home library Current library Date acquired Total checkouts Full call number Barcode Date last seen Cost, replacement price Price effective from Koha item type Public note
        General Fundamental Scientific Library Fundamental Scientific Library 22/12/2016   AI/18146 FL0061194 22/12/2016 10.00 22/12/2016 Գրքեր / Books 30 Days Loan


ՀՀ ԳԱԱ հիմնարար գիտական գրադարան
ՀՀ,Երևան 0019
Մարշալ Բաղրամյան 24/6
հեռախոս:(374-10) 52-47-50
Հետադարձ կապ

All site content, except where otherwise noted, is licensed under a
Creative Commons License